Fundamentals of Molecular Spectroscopy (Record no. 586340)
[ view plain ]
| 000 -LEADER | |
|---|---|
| fixed length control field | 01170pam a2200313 a 4500 |
| 001 - CONTROL NUMBER | |
| control field | 2066985 |
| 003 - CONTROL NUMBER IDENTIFIER | |
| control field | NUST |
| 005 - DATE AND TIME OF LATEST TRANSACTION | |
| control field | 20210901141251.0 |
| 008 - FIXED-LENGTH DATA ELEMENTS--GENERAL INFORMATION | |
| fixed length control field | 940114s1994 enka b 001 0 eng |
| 010 ## - LIBRARY OF CONGRESS CONTROL NUMBER | |
| LC control number | 94000869 |
| 020 ## - INTERNATIONAL STANDARD BOOK NUMBER | |
| International Standard Book Number | 0077079760 : |
| Terms of availability | £14.95 |
| 038 ## - RECORD CONTENT LICENSOR | |
| Staff Name | SNS Library Staff |
| 040 ## - CATALOGING SOURCE | |
| Original cataloging agency | DLC |
| Transcribing agency | DLC |
| Modifying agency | DLC |
| 050 00 - LIBRARY OF CONGRESS CALL NUMBER | |
| Classification number | QD96.M65 |
| Item number | B36 1994 |
| 082 00 - DEWEY DECIMAL CLASSIFICATION NUMBER | |
| Classification number | 5430.84 BAN 1995 |
| Edition number | 20 |
| Author Mark | BAN |
| 100 1# - MAIN ENTRY--PERSONAL NAME | |
| Personal name | Banwell, C. N., Elaine M. McCash, Department of Chemistry |
| 9 (RLIN) | 81991 |
| 245 10 - TITLE STATEMENT | |
| Title | Fundamentals of Molecular Spectroscopy |
| Statement of responsibility, etc. | Colin N. Banwell, Elaine M. McCash. |
| 250 ## - EDITION STATEMENT | |
| Edition statement | 4th ed. |
| 260 ## - PUBLICATION, DISTRIBUTION, ETC. | |
| Place of publication, distribution, etc. | London ; |
| -- | New York : |
| Name of publisher, distributor, etc. | McGraw-Hill, |
| Date of publication, distribution, etc. | c1994. |
| 300 ## - PHYSICAL DESCRIPTION | |
| Extent | xii, 308 p. : |
| Other physical details | ill. ; |
| Dimensions | 25 cm. |
| 440 ## - SERIES STATEMENT/ADDED ENTRY--TITLE | |
| Title | Fundamentals of Molecular Spectroscopy |
| 9 (RLIN) | 81992 |
| 504 ## - BIBLIOGRAPHY, ETC. NOTE | |
| Bibliography, etc. note | Includes bibliographical references (p. [292]) and index. |
| 563 ## - BINDING INFORMATION | |
| Binding note | HB. |
| 650 #0 - SUBJECT ADDED ENTRY--TOPICAL TERM | |
| Topical term or geographic name entry element | Molecular spectroscopy. |
| 9 (RLIN) | 81993 |
| 700 1# - ADDED ENTRY--PERSONAL NAME | |
| Personal name | McCash, Elaine M., |
| Dates associated with a name | 1961- |
| 9 (RLIN) | 81994 |
| 906 ## - LOCAL DATA ELEMENT F, LDF (RLIN) | |
| a | 7 |
| b | cbc |
| c | orignew |
| d | 1 |
| e | ocip |
| f | 19 |
| g | y-gencatlg |
| 942 ## - ADDED ENTRY ELEMENTS (KOHA) | |
| Source of classification or shelving scheme | |
| Koha item type | Book |
| Edition | Fourth |
| Call number prefix | 535.84 BAN 1995 |
| Withdrawn status | Lost status | Source of classification or shelving scheme | Damaged status | Not for loan | Permanent Location | Current Location | Shelving location | Date acquired | Shelving control number | Total Checkouts | Full call number | Barcode | Date last seen | Date last checked out | Price effective from | Koha item type |
|---|---|---|---|---|---|---|---|---|---|---|---|---|---|---|---|---|
| School of Natural Sciences (SNS) | School of Natural Sciences (SNS) | Book Cart | 09/01/2021 | Book Cart | 1 | 5430.84 BAN 1995 BAN | SNS0001928 | 02/10/2022 | 09/01/2021 | 09/01/2021 | Book | |||||
| School of Natural Sciences (SNS) | School of Natural Sciences (SNS) | Book Cart | 09/01/2021 | Book Cart | 5430.84 BAN 1995 BAN | SNS0001929 | 09/01/2021 | 09/01/2021 | Book | |||||||
| School of Natural Sciences (SNS) | School of Natural Sciences (SNS) | Book Cart | 09/01/2021 | Book Cart | 5430.84 BAN 1995 BAN | SNS0001930 | 09/01/2021 | 09/01/2021 | Book |
